000 00847cam a2200265 a 4500
008
020 _a0813814545
049 _aMAIN
090 _aTK9153
_bTOM
100 1 _aTomlinson, Charles E.
245 1 0 _aNuclear power plant thermodynamics and heat transfer :
_ba primer /
_cCharles E. Tomlinson.
250 _a1st ed.
260 _aAmes :
_bIowa State University Press,
_c1989.
300 _aix, 167 p. :
_bill. ;
_c24 cm.
500 _a"Steam tables" pamphlet inserted in back pocket.
504 _aIncludes bibliographical references.
500 _aIncludes index.
650 0 _aNuclear power plants
_xThermodynamics.
650 0 _aHeat
_xTransmission.
907 _a.b1002217x
_b08-05-12
_c17-04-03
003
005 20230123134331.0
040 _cNUST
942 _cBOOKS
_kTK9153
_mTOM
999 _c164091
_d164091